मुंबई मराठी ग्रंथसंग्रहालय 1898-1973 (Record no. 414490)

MARC details
000 -LEADER
fixed length control field 00647nam a2200145Ia 4500
008 - FIXED-LENGTH DATA ELEMENTS--GENERAL INFORMATION
fixed length control field 100122s9999 xx 000 0 und d
082 ## - DEWEY DECIMAL CLASSIFICATION NUMBER
Item number 29014
Classification number 706.5479
100 ## - MAIN ENTRY--PERSONAL NAME
Personal name लेले रा के
245 ## - TITLE STATEMENT
Title मुंबई मराठी ग्रंथसंग्रहालय 1898-1973
260 ## - PUBLICATION, DISTRIBUTION, ETC. (IMPRINT)
Name of publisher, distributor, etc मुंुबई मराठी संशोधक मंडळ मु.म.ग्र.सं.
Date of publication, distribution, etc 1905
300 ## - PHYSICAL DESCRIPTION
Extent 276
630 ## - SUBJECT ADDED ENTRY--UNIFORM TITLE
Uniform title मुंबई मराठी ग्रंथसंग्रहालय 1898-1973
730 ## - ADDED ENTRY--UNIFORM TITLE
Uniform title मुंबई मराठी ग्रंथसंग्रहालय 1898-1973
942 ## - ADDED ENTRY ELEMENTS (KOHA)
Koha item type Book
Holdings
Withdrawn status Lost status Damaged status Not for loan Home library Current library Date acquired Cost, normal purchase price Total Checkouts Full call number Barcode Date last seen Cost, replacement price Price effective from Koha item type Public note
        S.V. Pathak Library, Vile Parle S.V. Pathak Library, Vile Parle 03/15/1980 15.00   29014 SVPPARLE-29014 01/25/2010 15.00 01/25/2010 Book NA